00434nam a22001337a 4500082001500000100002500015245003200040260004800072300000800120650003000128942000700158952011800165999001700283 a945.16 GIN aGine, Pratap Chandra aA Journy Of Faith in Action aKolkattabCouncil of Serampur collagec2011 a198 aNorth EastaIndia Mission cBK 00104070aHMIbHMId2016-04-11eDr Packiam T.Samualg225.00l0o945.16 GINp11-3219r2016-04-11w2016-04-11yBK c20030d20030